Movies Quiz

Random Movies or Letter Quiz
Score 0/20 Timer 07:00
1 Play Today
% Correct
Nicole Kidman
90.4%
Ashton Kutcher
89.3%
Michael Keaton
89.1%
Keira Knightley
86.6%
Ben Kingsley
86.3%
Mila Kunis
85%
Johnny Knoxville
84.9%
Diane Keaton
83.4%
Gene Kelly
80.4%
Val Kilmer
80%
% Correct
Harvey Keitel
79.7%
Kevin Kline
78.7%
Anna Kendrick
74.6%
Boris Karloff
74.1%
Grace Kelly
73.7%
Greg Kinnear
72.4%
Kris Kristofferson
66.2%
Lisa Kudrow
65.2%
Chris Klein
62.4%
Diane Kruger
61.6%
Remove Ads.
Support Sporcle.
Get the best of Sporcle when you Go Orange. This ad-free experience offers more features, more stats, and more fun while also helping to support Sporcle. Thank you for becoming a member.

You're not logged in!

Compare scores with friends on all Sporcle quizzes.
OR
Log In

Show Comments

Extras

Top Quizzes Today


Score Distribution

Your Account Isn't Verified!

In order to create a playlist on Sporcle, you need to verify the email address you used during registration. Go to your Sporcle Settings to finish the process.

Report this User

Report this user for behavior that violates our Community Guidelines.

Details: